Statistics for World's Biggest Financial Centers

Click here to take the quiz!

General Stats

  • This quiz has been taken 38,380 times
    (22,919 since last reset)
  • The average score is 14 of 20

Answer Stats

RatingCity% Correct
762New York City
99%
740London
98%
705Paris
96%
706Tokyo
94%
711Beijing
90%
712Los Angeles
90%
693Shanghai
84%
704Chicago
78%
716Hong Kong
76%
715Singapore
70%
701Frankfurt
69%
702Seoul
68%
693Toronto
66%
714San Francisco
63%
698Amsterdam
60%
694Dubai
58%
700Washington D.C.
57%
703Boston
52%
692Geneva
33%
699Shenzhen
22%

Score Distribution

Percentile by Number Answered

Percent of People with Each Score

Your Score History

You have not taken this quiz since the last reset